000 00598nam a22002297a 4500
003 UA-OsUOA
001 104213
007 ta
008 20131209b un ||||| |||| 00| 0 ukr d
090 _a821.161.1
_bМ36
942 _cBK
040 _aUA-OsUOA
_brus
_cUA-OsUOA
_dUA-OsUOA
245 _aМахабхарата
300 _a799 с.
955 _a2
041 _arus
080 _a821.161.1
260 _aМ.
_bНаука
_c1987
246 3 1 _a3
_nЛесная (Араньякапарва)
650 7 _a82 Література. Літературознавство
_2UDC
999 _c390625
_d390625